000 00245nam a2200109 4500
999 _c530135
_d530135
020 _a9780419160304
040 _cDLC
082 _a624.15132
_bHOE
100 _aHoek, Evert
_923486
245 _aUnderground Excavations in Rock
942 _2ddc
_cBK